Online
Catalog

Reflexiones constitucionales / (Record no. 51290)

MARC details
000 -CABECERA
campo de control de longitud fija 00989nam a2200277 a 4500
003 - IDENTIFICADOR DEL NÚMERO DE CONTROL
campo de control DO-SdBNP
005 - FECHA Y HORA DE LA ÚLTIMA TRANSACCIÓN
campo de control 20220201141534.0
007 - CAMPO FIJO DE DESCRIPCIÓN FÍSICA--INFORMACIÓN GENERAL
campo de control de longitud fija ta
008 - DATOS DE LONGITUD FIJA--INFORMACIÓN GENERAL
campo de control de longitud fija 220201e2019 dr ||||fr|||| 001 0 spa d
020 ## - NÚMERO INTERNACIONAL ESTÁNDAR DEL LIBRO
Número Internacional Estándar del Libro 9789945501490
040 ## - FUENTE DE LA CATALOGACIÓN
Centro catalogador/agencia de origen DO-SdBNP
Lengua de catalogación spa
Centro/agencia transcriptor BNPHU
082 #4 - NÚMERO DE LA CLASIFICACIÓN DECIMAL DEWEY
Número de edición 22
Número de documento/Ítem G216r
100 1# - ENTRADA PRINCIPAL--NOMBRE DE PERSONA
9 (RLIN) 530
Nombre de persona García Fermín, Franklin,
Fechas asociadas al nombre 1957-
245 10 - MENCIÓN DE TÍTULO
Título Reflexiones constitucionales /
Resto del título Franklin García Fermín; Prólogo, Jesús Guzmán Bodden
260 ## - PUBLICACIÓN, DISTRIBUCIÓN, ETC.
Lugar de publicación, distribución, etc. Santo Domingo :
Nombre del editor, distribuidor, etc. Universitaria,
Fecha de publicación, distribución, etc. 2019
300 ## - DESCRIPCIÓN FÍSICA
Extensión 146 p. ;
Dimensiones 22 cm.
500 ## - NOTA GENERAL
Nota general Incluye índice onomástico.
590 ## - NOTA LOCAL (RLIN)
Nota local Inventariado 2022 / MF
650 #4 - PUNTO DE ACCESO ADICIONAL DE MATERIA--TÉRMINO DE MATERIA
9 (RLIN) 56229
Término de materia o nombre geográfico como elemento de entrada Derecho Constitucional
Subdivisión geográfica República Dominicana
650 #4 - PUNTO DE ACCESO ADICIONAL DE MATERIA--TÉRMINO DE MATERIA
9 (RLIN) 8313
Término de materia o nombre geográfico como elemento de entrada Reformas Constitucionales
Subdivisión geográfica República Dominicana
650 #4 - PUNTO DE ACCESO ADICIONAL DE MATERIA--TÉRMINO DE MATERIA
9 (RLIN) 80699
Término de materia o nombre geográfico como elemento de entrada Control de constitucionalidad
Subdivisión geográfica República Dominicana
650 ## - PUNTO DE ACCESO ADICIONAL DE MATERIA--TÉRMINO DE MATERIA
9 (RLIN) 80203
Término de materia o nombre geográfico como elemento de entrada República Dominicana
Subdivisión de forma Administración pública
700 1# - PUNTO DE ACCESO ADICIONAL--NOMBRE DE PERSONA
Nombre de persona Guzmán Bodden, Jesús
Término indicativo de función/relación pról.
9 (RLIN) 81081
910 ## - DATOS DE OPCIÓN DEL USUARIO (OCLC)
Datos de opción del usuario MFeliz
942 ## - ELEMENTOS DE PUNTO DE ACCESO ADICIONAL (KOHA)
Fuente del sistema de clasificación o colocación Dewey Decimal Classification
Tipo de ítem Koha Libro
Holdings
Estado de retiro Estado de pérdida Fuente del sistema de clasificación o colocación Restricciones de uso No para préstamo Código de colección Localización permanente Ubicación/localización actual Ubicación en estantería Fecha de adquisición Fuente de adquisición Total de préstamos Signatura topográfica completa Código de barras Fecha visto por última vez Precio válido a partir de Tipo de ítem Koha Número de copia
    Dewey Decimal Classification Excluido de préstamo   Dominicana de Servicio Biblioteca Nacional Pedro Henríquez Ureña Patrimonio Dominicano Depósito 28.08.2019 Depósito legal / Editora Universitaria   G216r 2022-0444 01.02.2022 01.02.2022 Libro  
    Dewey Decimal Classification Excluido de préstamo   Dominicana de Servicio Biblioteca Nacional Pedro Henríquez Ureña Patrimonio Dominicano Depósito 28.08.2019 Depósito legal / Editora Universitaria   G216r 2022-0445 01.02.2022 01.02.2022 Libro e.2

Powered by Koha